Nghiên cứu biến tính bèo tây để hấp phụ các ion kim loại Pb2+, Zn2+ trong nước

Nghiên cứu biến tính bèo tây để hấp phụ các ion kim loại Pb2+, Zn2+ trong nước

Đã lưu trong:
Chi tiết về thư mục
Tác giả chính: Nguyễn Thị Vân
Tác giả khác: Lê Tự Hải PGS.TS. (Hướng dẫn)
Định dạng: Sách
Ngôn ngữ:Vietnamese
Được phát hành: Đà Nẵng Đại học Đà Nẵng 2015
Những chủ đề:
Các nhãn: Thêm thẻ
Không có thẻ, Là người đầu tiên thẻ bản ghi này!
Thư viện lưu trữ: Mạng thư viện Đại học Đà Nẵng
LEADER 01561nam a2200361 4500
001 000023820
003 20273
005 20160329090359.0
008 160315s2015 viesd
041 |a vie 
082 1 4 |a 660.63  |b NG-V 
100 1 |a Nguyễn Thị Vân 
245 1 |a Nghiên cứu biến tính bèo tây để hấp phụ các ion kim loại Pb2+, Zn2+ trong nước  |c Nguyễn Thị Vân ; Lê Tự Hải hướng dẫn.  |k Luận văn Thạc sĩ 
260 |a Đà Nẵng  |b Đại học Đà Nẵng  |c 2015 
300 |a 81 tr. ; phụ lục 3 tr.  |c 29 cm.  |e Tóm tắt 
500 |a Luận văn thạc sĩ Khoa học. Chuyên ngành: Hóa hữu cơ. Mã số: 60.44.01.14 
520 3 |a Nghiên cứu biến tính bèo tây để hấp phụ các ion kim loại Pb2+, Zn2+ trong nước 
650 0 4 |a Cây bèo tây  |v Luận văn tốt nghiệp  |x Nghiên cứu  |x Hấp thụ ion kim loại 
653 |a Cây bèo tây 
653 |a Vật liệu hấp thụ 
653 |a Hóa hữu cơ 
653 |a Ion kim loại 
700 1 |a Lê Tự Hải  |c PGS.TS.  |e Hướng dẫn 
OWN |a LSP 
AVA |a UDN50  |b LSP  |d 660.63 NG-V  |e available  |t Error 5001 Not defined in file expand_doc_bib_avail.  |f 1  |g 0  |h N  |i 0  |k 1 
999 |a From the UDN01 
AVA |a UDN50  |b LSP  |d 660.63 NG-V  |e available  |t Error 5001 Not defined in file expand_doc_bib_avail.  |f 1  |g 0  |h N  |i 0  |k 1 
TYP |a Monograph 
TYP |a Printed language 
980 |a Mạng thư viện Đại học Đà Nẵng